000
00210 a2200109 4500
020
_a
2800873588692
041
_a
spa
100
_a
Lowell;Susan
245
_a
La tortuga y la liebre
942
_c
BK
952
_7
1
999
_c
19719
_d
19719